000 00527nam a22001937a 4500
003 NUST - PNEC
005 20170116180802.0
008 150416b xxu||||| |||| 00| 0 eng d
020 _a0333359682
040 _cLIBRARY
082 _a359.03 TIL
100 _92636
_aTill, Geoffrey
245 _aMaritime strategy and the nuclear age
_cGeoffrey Till
250 _a2nd ed
260 _aLondon
_bMacmillan Press
_cc1982,
300 _a295 p. :
_c22 cm.
650 _92639
_aNaval strategy
_xHistory, General
942 _2ddc
_cBK
999 _c63011
_d63011